| 000 | 00484nam a2200181Ia 4500 | ||
|---|---|---|---|
| 008 | 131103s9999 xx 000 0 und d | ||
| 040 | _aLoreto College | ||
| 041 | _aEnglish | ||
| 082 |
_a371.63/RID _bLCBED/4681 |
||
| 100 | _aRidout, Y C J | ||
| 245 | 4 |
_aThe spell well word books _cY C J Ridout |
|
| 260 |
_aBombay _bBlackie _c[19?] |
||
| 300 |
_a48p. _c 18cm. |
||
| 650 | _aEducation | ||
| 651 | _aStudent guidance and counseling | ||
| 850 | _aLCBED/371.63/RID | ||
| 942 | _cBK | ||
| 999 |
_c26002 _d76481 |
||